<?xml version="1.0" encoding="UTF-8"?>
<collection xmlns="http://www.loc.gov/MARC21/slim">
<record>
  <controlfield tag="001">170488</controlfield>
  <controlfield tag="005">20260424111320.0</controlfield>
  <datafield tag="037" ind1=" " ind2=" ">
    <subfield code="a">TESIS-2026-025</subfield>
  </datafield>
  <datafield tag="041" ind1=" " ind2=" ">
    <subfield code="a">spa</subfield>
  </datafield>
  <datafield tag="100" ind1="1" ind2=" ">
    <subfield code="a">Garin Murguialday, Nerea</subfield>
  </datafield>
  <datafield tag="245" ind1="0" ind2="0">
    <subfield code="a">Los cultivos protectores: estrategia clean label en la industria alimentaria</subfield>
  </datafield>
  <datafield tag="260" ind1=" " ind2=" ">
    <subfield code="a">Zaragoza</subfield>
    <subfield code="b">Universidad de Zaragoza, Prensas de la Universidad</subfield>
    <subfield code="c">2025</subfield>
  </datafield>
  <datafield tag="300" ind1=" " ind2=" ">
    <subfield code="a">286</subfield>
  </datafield>
  <datafield tag="490" ind1="0" ind2=" ">
    <subfield code="a">Tesis de la Universidad de Zaragoza</subfield>
    <subfield code="x">2254-7606</subfield>
    <subfield code="v">2026-25</subfield>
  </datafield>
  <datafield tag="500" ind1=" " ind2=" ">
    <subfield code="a">Presentado:  14 11 2025</subfield>
  </datafield>
  <datafield tag="502" ind1=" " ind2=" ">
    <subfield code="a">Tesis-Univ. Zaragoza,  , 2025</subfield>
    <subfield code="b">Zaragoza, Universidad de Zaragoza</subfield>
    <subfield code="c">2025</subfield>
  </datafield>
  <datafield tag="520" ind1=" " ind2=" ">
    <subfield code="a">Esta tesis doctoral, desarrollada bajo la modalidad de doctorado industrial, ha abordado de forma integral la selección, caracterización y validación de cultivos protectores y sus  sobrenadantes libres de células (SLC) como estrategia clean label para la conservación microbiológica de alimentos mínimamente procesados. En estrecha colaboración con tres empresas alimentarias, se plantearon y resolvieron desafíos concretos vinculados al alargamiento de la vida útil de productos refrigerados, integrando herramientas de microbiología clásica, microbiología molecular y análisis bioinformático en un enfoque científico robusto y orientado a la transferencia tecnológica.&lt;br />El trabajo experimental se dividió en tres etapas. En la primera, se cribaron más de 500 cepas de la colección del CNTA, aplicando criterios regulatorios (Protocolo de Nagoya, estatus QPS, resistencias a antibióticos y toxigenicidad) y funcionales (actividad antimicrobiana frente a microorganismos patógenos y alterantes relevantes para IV y V gama). Tras una caracterización genotípica y fenotípica rigurosa, se seleccionaron cuatro cepas: Bacillus subtilis CNTA 517, Lactiplantibacillus plantarum CNTA 600, Pediococcus acidilactici CNTA 1059 y Levilactobacillus brevis CNTA 1374. Sus SLC mostraron perfiles antimicrobianos diferenciados: las 3 bacterias ácido-lácticas produjeron altos niveles de ácido láctico (hasta 8,2 g/L), ácido acético (hasta 3,8 g/L) y, en el caso de P. acidilactici, también ácido feniláctico (0,119 g/L), compuesto con actividad antifúngica demostrada. Las cuatro cepas produjeron bacteriocinas de bajo peso molecular (&lt;10 kDa), cuya presencia se confirmó mediante zimografía y espectrometría de masas.&lt;br />La segunda etapa se centró en la caracterización tecnológica de los SLC, demostrando su actividad antimicrobiana frente a bacterias patógenas y alterantes incluso tras ser sometidos a tratamientos térmicos industriales habituales, incluida la cocción botulínica (120 °C/20 min), lo que amplía su aplicabilidad a productos pasteurizados y esterilizados. Esta estabilidad térmica confiere a los SLC un alto potencial como ingredientes de conservación natural.&lt;br />En la tercera etapa se validaron los SLC en tres matrices reales proporcionadas por las empresas colaboradoras. En sticks de piña fresca el tratamiento por inmersión con el SLC de P. acidilactici CNTA 1059 (combinado con envasado semipermeable) permitió alargar la vida útil del producto de 8 a 12 días, con buena aceptación sensorial. En los bocadosplant-based tipo “pollo”, el uso del SLC de L. plantarum CNTA 600 en formato líquido permitió extender la vida útil de 30 a 90 días, mostrando actividad frente a una bacteria del grupo Bacillus cereus y Niallia circulans aislados del producto alterado. En cambio, en las condiciones ensayadas, la aplicación del SLC de L. brevis CNTA 1374 en gazpacho&lt;br />no logró alcanzar el reto de duplicar la vida útil planteado, evidenciando la necesidad deoptimizar su combinación con otras tecnologías de conservación.&lt;br />Los resultados obtenidos demuestran no solo la eficacia práctica de los cultivos protectores seleccionados, sino también la solidez científica del proceso seguido, así como su aplicabilidad industrial en contextos reales. Esta tesis constituye una aportación relevante al conocimiento en bioconservación alimentaria, mostrando que el uso racional y científicamente fundamentado del SLC permite desarrollar soluciones tecnológicamente viables, sostenibles y alineadas con las demandas actuales del sector alimentario.&lt;br /> &lt;br /></subfield>
  </datafield>
  <datafield tag="506" ind1=" " ind2=" ">
    <subfield code="a">by-nc</subfield>
    <subfield code="b">Creative Commons</subfield>
    <subfield code="c">3.0</subfield>
    <subfield code="u">http://creativecommons.org/licenses/by-nc/3.0/es</subfield>
  </datafield>
  <datafield tag="520" ind1=" " ind2=" ">
    <subfield code="a">&lt;br /></subfield>
  </datafield>
  <datafield tag="521" ind1=" " ind2=" ">
    <subfield code="9">7074</subfield>
    <subfield code="a">Programa de Doctorado en Calidad, Seguridad y Tecnología de los Alimentos</subfield>
  </datafield>
  <datafield tag="653" ind1="1" ind2=" ">
    <subfield code="a">bioconservación </subfield>
  </datafield>
  <datafield tag="653" ind1="1" ind2=" ">
    <subfield code="a">cultivos protectores </subfield>
  </datafield>
  <datafield tag="653" ind1="1" ind2=" ">
    <subfield code="a">sobrenadantes libres de células (slc)</subfield>
  </datafield>
  <datafield tag="653" ind1="1" ind2=" ">
    <subfield code="a">clean label </subfield>
  </datafield>
  <datafield tag="653" ind1="1" ind2=" ">
    <subfield code="a">vida útil</subfield>
  </datafield>
  <datafield tag="700" ind1=" " ind2=" ">
    <subfield code="a">Pagán Tomás, Rafael  </subfield>
    <subfield code="e">dir.</subfield>
  </datafield>
  <datafield tag="700" ind1=" " ind2=" ">
    <subfield code="a">Espina Cadena, Laura María</subfield>
    <subfield code="e">dir.</subfield>
  </datafield>
  <datafield tag="700" ind1=" " ind2=" ">
    <subfield code="a">Virto Resano, Raquel </subfield>
    <subfield code="e">dir.</subfield>
  </datafield>
  <datafield tag="710" ind1="2" ind2=" ">
    <subfield code="a">Universidad de Zaragoza</subfield>
    <subfield code="b"> </subfield>
  </datafield>
  <datafield tag="830" ind1=" " ind2=" ">
    <subfield code="9">486</subfield>
  </datafield>
  <datafield tag="856" ind1="0" ind2=" ">
    <subfield code="f">cdeurop@unizar.es</subfield>
  </datafield>
  <datafield tag="856" ind1="4" ind2=" ">
    <subfield code="u">http://zaguan.unizar.es/record/170488/files/TESIS-2026-025.pdf</subfield>
    <subfield code="z">Texto completo (spa)</subfield>
  </datafield>
  <datafield tag="909" ind1="C" ind2="O">
    <subfield code="o">oai:zaguan.unizar.es:170488</subfield>
    <subfield code="p">driver</subfield>
    <subfield code="p">tesis</subfield>
  </datafield>
  <datafield tag="910" ind1="2" ind2=" ">
    <subfield code="a">Ciencias</subfield>
    <subfield code="b"> </subfield>
  </datafield>
  <datafield tag="691" ind1=" " ind2=" ">
    <subfield code="a">2 9 12</subfield>
  </datafield>
  <datafield tag="692" ind1=" " ind2=" ">
    <subfield code="a">Poner fin al hambre, conseguir la seguridad alimentaria y una mejor nutrición, y promover la agricultura sostenible. Desarrollar infraestructuras resilientes, promover la industrialización inclusiva y sostenible, y fomentar la innovación.	 Garantizar las pautas de consumo y de producción sostenibles.</subfield>
  </datafield>
  <datafield tag="540" ind1=" " ind2=" ">
    <subfield code="9">info:eu-repo/semantics/openAccess</subfield>
  </datafield>
  <datafield tag="980" ind1=" " ind2=" ">
    <subfield code="a">TESIS</subfield>
  </datafield>
</record>
</collection>